London Underground Stations with 'Town' in the Name - Statistics

General Stats
  • This quiz has been taken 10 times
  • The average score is 5 of 8
Answer Stats
Answer % Correct
Acton Town
100%
Camden Town
88%
Kentish Town
88%
Sudbury Town
75%
Kentish Town West
63%
Enfield Town
50%
Canning Town
25%
West Silvertown
25%
No matching quizzes found
Score Distribution
Percent of People with Each Score
Percentile by Number Answered
Your Score History
You have not taken this quiz